LDR 00780naa#a2200181#i#450# 001 EN\\bibl\120771 005 20260428083301.2 011 ## _a2687-0185 100 ## _a20250212b2025####ek#y0engy0150####ca 102 ## _aRU 200 1# _aRegional demography: analysis of the state and measures to support fertility _eJournal article 210 1# _aMoscow _cMoscow University of the Ministry of Internal Affairs of Russia named after V.Ya. Kikot _d2025 215 ## _a6 с. 608 ## _aJournal article _2local 675 ## _aРегиональная (территориальная) экономика. Земельный (аграрный) вопрос. Жилищное хозяйство. 332 _z 700 #1 _aMyshko _gFedor Georgievich 700 #1 _aBikmanova _gAdilya Kamil'evna 856 4# _amosumvd.editorum.ru _u